| 000 | 00887cam a22002891 4500 | ||
|---|---|---|---|
| 001 | 5497 | ||
| 003 | BD-RjUL | ||
| 005 | 20211208234057.0 | ||
| 008 | 131226s1966 xx 001 0 eng | ||
| 035 | _a(BD-RjUL)5533 | ||
| 035 | _a(OCoLC)343616 | ||
| 040 |
_aDLC _cOAU _dBD-RjUL _beng |
||
| 041 | _aeng | ||
| 082 |
_223 _bJAM 1966 _a320.3 |
||
| 100 | 1 |
_aJacobs, Walter Darnell. _917230 |
|
| 245 | 1 | 0 |
_aModern governments / _c Walter Darnell Jacobs and Harold Zink. |
| 250 | _a3d ed. | ||
| 260 |
_aPrinceton, N.J. : _bVan Nostrand , _cc1966. |
||
| 300 |
_axi, 756 p. : _bill. ; _c24 cm. |
||
| 490 | 0 | _aVan Nostrand political science series | |
| 500 | _aIncludes index. | ||
| 650 | 0 |
_aComparative government. _94478 |
|
| 700 | 1 |
_aZink, Harold, _d1901- _tModern governments. _917231 |
|
| 856 | _3Van Nostrand political science series | ||
| 942 |
_2ddc _cBK |
||
| 999 |
_c5497 _d5497 |
||